| 000 | 00716cam a2200229 a 4500 | ||
|---|---|---|---|
| 001 | 1054234 | ||
| 005 | 20180213075453.0 | ||
| 008 | 900531s1990 nhua b 000 0 eng | ||
| 010 | _a 90040515 | ||
| 020 | _a086709267X (pbk.) | ||
| 040 |
_aDLC _cDLC _dDLC |
||
| 041 | _aeng | ||
| 080 | _a808.042 GRA | ||
| 082 | 0 | 0 |
_a808.042 GRA _220 |
| 100 | _a21 | ||
| 101 | _aGJL | ||
| 245 | 0 | 0 |
_aRhetoric and composition : _cedited by Richard L. Graves. |
| 504 | _aIncludes bibliographical references. | ||
| 906 |
_a7 _bcbc _corignew _d1 _eocip _f19 _gy-gencatlg |
||
| 942 |
_2ddc _cBK |
||
| 999 |
_c42397 _d42397 |
||